[Event "Ligue-ch"]
[Site "Evry"]
[Date "2003.05.24"]
[Round "4.11"]
[White "Smith, Matthieu"]
[Black "Tomovic, Budimir"]
[Result "1-0"]
[WhiteElo "1820"]
[BlackElo "1780"]
[PlyCount "69"]
[EventDate "2003.05.??"]
[EventType "swiss"]
[EventRounds "5"]
[EventCountry "FRA"]
[SourceTitle "EXT 2004"]
[Source "ChessBase"]
[SourceDate "2003.11.25"]
[SourceVersion "1"]
[SourceVersionDate "2003.11.25"]
[SourceQuality "1"]

1. e4 c5 2. Nc3 Nc6 3. f4 g6 4. Nf3 Bg7 5. Bb5 Nd4 6. 0-0 Nxb5 7. Nxb5 d6 8. Nc3 Nf6 9. d3 0-0 10. Bd2 b6 11. Qe1 e6 12. h3 Re8 13. g4 h5 14. Qg3 hxg4 15. hxg4 Kf8 16. e5 dxe5 17. fxe5 Ng8 18. Nb5 Qd7 19. Nd6 Re7 20. Nh4 Bh6 21. Bxh6+ Nxh6 22. Nxg6+ Kg7 23. Nxe7 Qxe7 24. Rf6 a5 25. Qh4 Ng8 26. Rxf7+ Qxf7 27. Nxf7 Kxf7 28. Qh7+ Ke8 29. Qxg8+ Kd7 30. Rf1 Kc6 31. Qe8+ Kb7 32. Rf7+ Ka6 33. a4 Bb7 34. Qxe6 Rb8 35. Qe7 1-0

[Event "Ligue-ch"]
[Site "Evry"]
[Date "2003.05.18"]
[Round "2.12"]
[White "Claude, Daniel"]
[Black "Tomovic, Budimir"]
[Result "1-0"]
[WhiteElo "1940"]
[BlackElo "1780"]
[PlyCount "39"]
[EventDate "2003.05.??"]
[EventType "swiss"]
[EventRounds "5"]
[EventCountry "FRA"]
[SourceTitle "EXT 2004"]
[Source "ChessBase"]
[SourceDate "2003.11.25"]
[SourceVersion "1"]
[SourceVersionDate "2003.11.25"]
[SourceQuality "1"]

1. e4 c5 2. Nf3 Nc6 3. d4 cxd4 4. Nxd4 Nf6 5. Nc3 d6 6. Be2 e5 7. Nf3 h6 8. 0-0 Be7 9. h3 a6 10. a4 0-0 11. Nh2 Be6 12. f4 Nd4 13. f5 Nxe2+ 14. Qxe2 Bd7 15. Ng4 Nxg4 16. Qxg4 Bg5 17. Bxg5 hxg5 18. Nd5 Bc6 19. f6 Bxd5 20. Qxg5 1-0

[Event "Ligue-ch"]
[Site "Evry"]
[Date "2003.05.18"]
[Round "3.12"]
[White "Tomovic, Budimir"]
[Black "Gauthier, Arnaud"]
[Result "1-0"]
[WhiteElo "1780"]
[BlackElo "1880"]
[PlyCount "107"]
[EventDate "2003.05.??"]
[EventType "swiss"]
[EventRounds "5"]
[EventCountry "FRA"]
[SourceTitle "EXT 2004"]
[Source "ChessBase"]
[SourceDate "2003.11.25"]
[SourceVersion "1"]
[SourceVersionDate "2003.11.25"]
[SourceQuality "1"]

1. d4 d5 2. Nf3 Nf6 3. Bf4 e6 4. e3 c5 5. Nbd2 Qb6 6. b3 cxd4 7. exd4 Bb4 8. Bd3 Bc3 9. Rc1 Bxd4 10. Nxd4 Qxd4 11. Be3 Qh4 12. Nf3 Qh5 13. 0-0 0-0 14. Ng5 Qxd1 15. Rfxd1 Nc6 16. Bc5 Re8 17. c4 Ne5 18. Bd4 Nxd3 19. Rxd3 e5 20. Bb2 Bf5 21. Rf3 Bg4 22. Rg3 d4 23. Ne4 Nxe4 24. Rxg4 f5 25. Rh4 Nc5 26. Rd1 Rad8 27. f3 Re6 28. f4 e4 29. Rxd4 Red6 30. Rxd6 Rxd6 31. Bc3 Rd1+ 32. Kf2 Rc1 33. Bd2 Rc2 34. Ke3 Rxa2 35. g4 Nxb3 36. Bb4 g6 37. gxf5 gxf5 38. Rh5 a5 39. Bc3 a4 40. Rg5+ Kf7 41. Rxf5+ Ke6 42. Re5+ Kf7 43. Rb5 Rxh2 44. Rxb7+ Ke6 45. Rb6+ Kf5 46. Rb5+ Kg4 47. Rg5+ Kh3 48. Rh5+ Kg2 49. Rxh2+ Kxh2 50. f5 a3 51. f6 Nc5 52. f7 Ne6 53. c5 a2 54. c6 1-0

[Event "Ligue-ch"]
[Site "Evry"]
[Date "2003.05.17"]
[Round "1.10"]
[White "Tomovic, Budimir"]
[Black "Forget, Cyril"]
[Result "0-1"]
[WhiteElo "1780"]
[BlackElo "2023"]
[PlyCount "68"]
[EventDate "2003.05.??"]
[EventType "swiss"]
[EventRounds "5"]
[EventCountry "FRA"]
[SourceTitle "EXT 2004"]
[Source "ChessBase"]
[SourceDate "2003.11.25"]
[SourceVersion "1"]
[SourceVersionDate "2003.11.25"]
[SourceQuality "1"]

1. d4 d5 2. Nf3 c5 3. e3 e6 4. c3 Nf6 5. Nbd2 Bd6 6. Ne5 0-0 7. Ndf3 Nfd7 8. Bd3 b6 9. h4 Qc7 10. Bxh7+ Kxh7 11. Ng5+ Kg8 12. Qh5 Nf6 13. Qd1 Bxe5 14. dxe5 Qxe5 15. f4 Qd6 16. h5 Nh7 17. Nxh7 Kxh7 18. g4 f6 19. Qc2+ f5 20. g5 Kg8 21. Bd2 e5 22. 0-0-0 e4 23. g6 Rf6 24. Rdg1 Ba6 25. Be1 Nd7 26. Bh4 Re6 27. Rg5 Rf8 28. Qg2 d4 29. h6 gxh6 30. g7 Rf7 31. Rg3 dxe3 32. Rd1 Qxf4 33. Kb1 e2 34. Re1 Qxh4 0-1